[Event "53rd URS-ch"]
[Site "Kiev URS"]
[Date "1986.??.??"]
[Round "?"]
[White "Lputian, Smbat"]
[Black "Beliavsky, Alexander"]
[Result "1-0"]
[WhiteElo "2545"]
[BlackElo "2625"]
[EventDate "1986.04.??"]
[PlyCount "87"]

1.d4 d5 2.c4 e6 3.Nf3 Nf6 4.Nc3 Be7 5.Bg5 h6 6.Bxf6 Bxf6 7.e3 O-O 8.Bd3 c6
9.Rc1 Nd7 10.O-O dxc4 11.Bxc4 e5 12.h3 exd4 13.exd4 Nb6 ( 13...c5 14.Bb3 
cxd4 15.Nd5 b6 16.Nxd4 Bxd4 17.Qxd4 Nc5 18.Bc4 Bb7 19.Rfd1 Rc8 20.Qg4 ) 
14.Bb3 Bf5 ( 14...a5 15.a3 Bf5 16.Re1 Re8 17.Rxe8+ Qxe8 18.Qd2 Qd7 19.Re1 
) 15.Re1 Qd7 16.Qd2 ( 16.Ne5 Bxe5 17.dxe5 Qxd1 18.Rcxd1 Rfd8 19.f4 h5 20.
Ne4 Rxd1 21.Bxd1 Bxe4 22.Rxe4 g6 23.Rd4 ) 16...a5 17.a3 a4 18.Ba2 Rad8 ( 
18...Rfe8 19.Rcd1 Rxe1+ 20.Rxe1 Re8 21.Rxe8+ Qxe8 22.Qd1 Qd8 23.Nxa4 Be4 
24.Nc5 Bxf3 25.Qxf3 Qxd4 26.Qb3 ) 19.Qf4 Bd3 20.Ne5 ( 20.Rcd1 ) 20...Qxd4 
( 20...Bxe5 21.dxe5 ) 21.Nxd3 ( 21.Qxd4 Rxd4 22.Nxf7 Bc4 ) 21...Qxd3 22.
Rcd1 Qg6 ( 22...Qa6 23.Rxd8 Rxd8 24.Ne4 Nd5 25.Nxf6+ Nxf6 26.Re7 Rf8 27.
Qc7 Nd5 28.Qxb7 ) 23.Rxd8 Bxd8 ( 23...Rxd8 24.Qc7 Nd5 25.Nxd5 cxd5 26.Bb1 
Qh5 27.Qxd8+ ) 24.Qb8 ( 24.Nxa4 Nxa4 25.Qxa4 Bf6 ( 25...Bc7 ) 26.Qb3 ) 
24...Qc2 25.Re2 Qc1+ 26.Kh2 Nd7 ( 26...Bf6 27.Qxb7 Bxc3 28.Qxb6 Qf4+ 29.g3
Qf3 30.Rc2 Be5 ) 27.Qd6 Nf6 28.Nxa4 Ba5 ( 28...Re8 29.Rxe8+ Nxe8 30.Qxd8 
Qf4+ ) 29.Nc5 Bb6 ( 29...Re8 ) 30.Nxb7 Qf1 31.Qd2 Re8 ( 31...h5 ) 32.Bc4 (
32.Bxf7+ Kxf7 33.Nd6+ Kf8 34.Nxe8 Nxe8 35.Qb4+ c5 36.Qb5 ) 32...Rxe2 33.
Qxe2 Qc1 ( 33...Qxe2 34.Bxe2 Bxf2 35.b4 Kf8 36.Bf3 Nd5 37.b5 ) 34.g3 ( 34.
Ba2 Bd4 ) 34...Bxf2 35.Bxf7+ Kxf7 36.Qxf2 Qd1 37.Nc5 Kg8 38.Ne6 Qd5 ( 
38...Qb3 ) 39.Nf4 Qb3 40.Qe2 Kf7 41.Nd3 Qd5 ( 41...Kg8 42.Nc5 Qd5 43.Qe6+ 
) ( 41...Nd7 ) 42.Nb4 Qc5 43.Qg2 Nd5 44.Qc2 1-0